Nietzsche (Record no. 43361)

MARC details
000 -LEADER
fixed length control field 00723 a2200265 4500
003 - CONTROL NUMBER IDENTIFIER
control field 0
005 - DATE AND TIME OF LATEST TRANSACTION
control field 20160609163529.0
008 - FIXED-LENGTH DATA ELEMENTS--GENERAL INFORMATION
fixed length control field 110302t xxu||||| |||| 00| 0 eng d
020 ## - NUMERO INTERNATIONAL NORMALISE DES LIVRES
International Standard Book Number 2 13 051038 8
040 ## - SOURCE DU CATALOGAGE
Original cataloging agency BUAC
Language of cataloging Fre.
Transcribing agency BUC
041 ## - CODE DE LANGUE
Language code of text/sound track or separate title Fre.
100 ## - VEDETTE PRINCIPALE - NOM DE PERSONNE
Personal name Montebello, Pierre
9 (RLIN) 15128
100 ## - VEDETTE PRINCIPALE - NOM DE PERSONNE
Language of a work Fr
9 (RLIN) 15129
245 ## - TITLE STATEMENT
Title Nietzsche
Remainder of title : la volonté de puissance
Statement of responsibility, etc /Pierre Montebello
260 ## - PUBLICATION, DISTRIBUTION, ETC. (IMPRINT)
Place of publication, distribution, etc Paris
Name of publisher, distributor, etc Presses Universitaire de France
Date of publication, distribution, etc 2001
300 ## - PHYSICAL DESCRIPTION
Extent 127 p.
300 ## - PHYSICAL DESCRIPTION
Other physical details 18 cm
440 ## - SERIES STATEMENT/ADDED ENTRY--TITLE
Title (Philosophies
9 (RLIN) 15131
440 ## - SERIES STATEMENT/ADDED ENTRY--TITLE
International Standard Serial Number 0766-1398)
9 (RLIN) 15132
600 ## - SUBJECT ADDED ENTRY--PERSONAL NAME
Personal name Nietzsche
9 (RLIN) 15133
630 ## - SUBJECT ADDED ENTRY--UNIFORM TITLE
Uniform title PHILOSOPHIE
9 (RLIN) 15134
650 ## - SUBJECT ADDED ENTRY--TOPICAL TERM
Topical term or geographic name as entry element Pensée philosophique : puissance
9 (RLIN) 15135
942 ## - ADDED ENTRY ELEMENTS (KOHA)
Koha item type Livre
Holdings
Withdrawn status Lost status Damaged status Not for loan Location (home branch) Sublocation or collection (holding branch) Date acquired Source of acquisition Koha issues (times borrowed) Koha full call number Koha date last seen Copy number Price effective from Koha item type
        Bibliothèque Universitaire Centrale Bibliothèque Universitaire Centrale   AUF   140 NIE 16/07/2010 1 16/07/2010 Livre
        Bibliothèque Universitaire Centrale Bibliothèque Universitaire Centrale   AUF   140 NIE 16/07/2010 2 16/07/2010 Livre
        Bibliothèque Universitaire Centrale Bibliothèque Universitaire Centrale   AUF   140 NIE 16/07/2010 3 16/07/2010 Livre


© 2008, Bibliothèques de l'Université d'Abomey-Calavi

04 BP 789 Cotonou, Tél. : +229 21 36 01 01, Fax : +229 21 35 06 32

Courriel : bu@bu.uac.bj